000 00383cam a22001457a 4500
008 180718b1955 xxu||||| |||| 00| 0 eng d
082 _aB2x43 B985
100 _aButz Otto
245 _aMordern German political theory
_cby Otto Butz
260 _aNew York
_bDoubleday & Company INC.
_c1955
300 _a72.
650 _aHistory
650 _aGermany
650 _aPolitical science
999 _c441567
_d441567